| 000 | 01353 a2200193 4500 | ||
|---|---|---|---|
| 020 | _a058222912X | ||
| 020 | _a9780582229129 | ||
| 090 |
_c3735 _d3735 |
||
| 100 | 1 | _aShutt, R. C. | |
| 245 | 1 | 0 |
_aEconomics for the construction industry / _cR. C. Shutt. |
| 250 | _a3rd ed. | ||
| 260 |
_a[S.l.] : _bTrans-Atlantic Publications, _c1995. |
||
| 300 | _a272 p. | ||
| 500 | _aPaperback. | ||
| 520 | _aEconomics for the Construction Industry is an essential text for all those studying economics units on construction courses at technician, degree and professional level. It will be particularly valuable for those approaching the subject for the very first time. Each chapter discusses an aspect of economics and cost control in relation to the construction industry. Macro- and micro-economics are covered and attention is given to the important topics of cost-benefit analysis, marketing, economic growth, housing, financial and monetary control, the output of the construction industry, and the Single European Market. This revised third edition has been expanded to include up-to-date information, legislation and statistics. | ||
| 856 | 4 | 0 |
_3Amazon.com _uhttp://www.amazon.com/exec/obidos/ASIN/058222912X/chopaconline-20 |
| 856 | 4 | 0 |
_3Amazon customer reviews _uhttp://www.chopac.org/cgi-bin/tools/azrev.pl?q=058222912X |
| 942 |
_aNBS _cBK _k338.762 SHU |
||
| 999 |
_c346200 _d346200 |
||